Pays du monde en fonction de leur capitale - Statistiques

Statistiques générales
  • Ce quiz a été pris 37 fois
  • Le résultat moyen est 54 sur 196
Statistiques - réponses
Capitale Pays % Correct
Alger Algérie
100%
Berlin Allemagne
82%
Andorre-La-Vieille Andorre
82%
Abou Dabi Emirats Arabes Unis
82%
Amsterdam Pays-Bas
82%
Athènes Grèce
79%
Bagdad Irak
79%
Berne Suisse
79%
Bruxelles Belgique
75%
Copenhague Danemark
75%
Addis-Abeba Ethiopie
75%
Ankara Turquie
75%
Brasilia Brésil
71%
Bamako Mali
71%
Bangkok Thaïlande
71%
Buenos Aires Argentine
68%
Budapest Hongrie
68%
Bucarest Roumanie
68%
Belgrade Serbie
68%
Bratislava Slovaquie
68%
Bogota Colombie
64%
Conakry Guinée
64%
Beyrouth Liban
64%
Kinshasa République démocratique du Congo
64%
Brazzaville République du Congo
64%
Dakar Sénégal
64%
Canberra Australie
61%
Asuncion Paraguay
61%
Doha Qatar
61%
Dublin Irlande
57%
Caracas Venezuela
57%
Djibouti Djibouti
50%
Bissau Guinée-Bissau
50%
Amman Jordanie
50%
Bakou Azerbaïdjan
46%
Astana Kazakhstan
46%
Antananarivo Madagascar
46%
Damas Syrie
46%
Helsinki Finlande
43%
Accra Ghana
43%
Chisinau Moldavie
43%
Niamey Niger
43%
Dacca Bangladesh
39%
Banjul Gambie
39%
Guatemala Guatemala
39%
Abuja Nigeria
39%
Hanoï Vietnam
39%
Paris France
36%
Mexico Mexique
36%
Kaboul Afghanistan
32%
Belmopan Belize
32%
Bandar Seri Begawan Brunei
32%
Jérusalem / Tel Aviv Israël
32%
Monaco Monaco
32%
Lima Pérou
32%
Lisbonne Portugal
32%
Bangui République centrafricaine
32%
Moscou Russie
32%
Khartoum Soudan
32%
Achgabat Turkménistan
32%
Erevan Arménie
29%
Pékin Chine
29%
La Havane Cuba
29%
Le Caire Egypte
29%
Madrid Espagne
29%
New Delhi Inde
29%
Koweït Koweït
29%
Rabat Maroc
29%
Oslo Norvège
29%
Islamabad Pakistan
29%
Londres Royaume-Uni
29%
Kiev Ukraine
29%
Montevideo Uruguay
29%
Ottawa Canada
25%
Yamoussoukro Côte d'Ivoire
25%
Port-au-Prince Haïti
25%
Nusantara / Jakarta Indonésie
25%
Téhéran Iran
25%
Reykjavik Islande
25%
Luxembourg Luxembourg
25%
Kuala Lumpur Malaisie
25%
Mascate Oman
25%
Ljubljana Slovénie
25%
Mogadiscio Somalie
25%
Tunis Tunisie
25%
Aden Yémen
25%
Pretoria Afrique du Sud
21%
Minsk Biélorussie
21%
Santiago Chili
21%
Nicosie Chypre
21%
Zagreb Croatie
21%
Quito Equateur
21%
Asmara Erythrée
21%
Washington Etats-Unis
21%
Tokyo Japon
21%
Nairobi Kenya
21%
Katmandou Népal
21%
Managua Nicaragua
21%
Jérusalem / Ramallah Palestine
21%
Prague République Tchèque
21%
Djouba Soudan du sud
21%
Stockholm Suède
21%
Dili Timor oriental
21%
Riyad Arabie Saoudite
18%
Vienne Autriche
18%
Manama Bahreïn
18%
Bridgetown Barbade
18%
Naypyidaw Birmanie
18%
Sofia Bulgarie
18%
Phnom Penh Cambodge
18%
Libreville Gabon
18%
Rome Italie
18%
Vientiane Laos
18%
Malé Maldives
18%
La Valette Malte
18%
Port-Louis Maurice
18%
Panama Panama
18%
Manille Philippines
18%
Kigali Rwanda
18%
Apia Samoa
18%
Freetown Sierra Leone
18%
Singapour Singapour
18%
Nuku'alofa Tonga
18%
Port-Vila Vanuatu
18%
Sarajevo Bosnie-Herzégovine
14%
Ouagadougou Burkina Faso
14%
Yaoundé Cameroun
14%
Pyongyang Corée du Nord
14%
Séoul Corée du Sud
14%
Tallinn Estonie
14%
Kingston Jamaïque
14%
Riga Lettonie
14%
Podgorica Monténégro
14%
Basseterre Saint-Christophe-et-Niévès
14%
Saint-Marin Saint-Marin
14%
Douchanbé Tadjikistan
14%
Dodoma Tanzanie
14%
N'Djaména Tchad
14%
Funafuti Tuvalu
14%
Harare Zimbabwe
14%
Luanda Angola
11%
Nassau Bahamas
11%
Porto-Novo Bénin
11%
Sucre Bolivie
11%
Gaborone Botswana
11%
Gitega Burundi
11%
Suva Fidji
11%
Georgetown Guyana
11%
Tegucigalpa Honduras
11%
Honiara Îles Salomon
11%
Pristina Kosovo
11%
Monrovia Liberia
11%
Vilnius Lituanie
11%
Nouakchott Mauritanie
11%
Oulan-Bator Mongolie
11%
Yaren Nauru
11%
Tachkent Ouzbékistan
11%
Port Moresby Papouasie-Nouvelle-Guinée
11%
Varsovie Pologne
11%
Castries Sainte-Lucie
11%
Sri Jayawardenapura Kotte Sri Lanka
11%
Paramaribo Suriname
11%
Thimphou Bhoutan
7%
Roseau Dominique
7%
Mbabane Eswatini
7%
Tbilissi Géorgie
7%
Malabo Guinée Equatoriale
7%
Majuro Îles Marshall
7%
Tarawa-Sud Kiribati
7%
Skopje Macédoine du Nord
7%
Palikir Micronésie
7%
Alofi Niue
7%
Wellington Nouvelle-Zélande
7%
Kampala Ouganda
7%
Melekeok Palaos
7%
Kingstown Saint-Vincent-et-les-Grenadines
7%
San Salvador Salvador
7%
Sao Tomé Sao-Tomé-et-Principe
7%
Lomé Togo
7%
Vatican Vatican
7%
Tirana Albanie
4%
Saint John's Antigua-et-Barbuda
4%
Praia Cap-Vert
4%
San José Costa Rica
4%
Saint-Georges Grenade
4%
Maseru Lesotho
4%
Tripoli Libye
4%
Lilongwe Malawi
4%
Maputo Mozambique
4%
Windhoek Namibie
4%
Victoria Seychelles
4%
Port-d'Espagne Trinité-et-Tobago
4%
Moroni Comores
0%
Avarua Îles Cook
0%
Vaduz Liechstenstein
0%
Lusaka Zambie
0%
Aucun quiz correspondant
Distribution des résultats
% des personnes avec chaque résultat
Percentile par nombre de réponses
Votre historique - résultats
Vous n’avez pas pris ce quiz